000 00437nam a2200181Ia 4500
001 11172
005 20260306161926.0
008 260306t2018||||xx |||||||||||||| ||spa||
041 _aESP
082 _a985.01
_bP78 2018
100 _aPorras Barrenechea, Raúl
_eAUT
245 0 _aFuentes históricas peruanas
260 _c2018
300 _a542 páginas :
_c24 cm.
650 _aGEN
654 _aCHU
942 _cLIB
_dJUS
_fJUS
_2ddc
_n
999 _c11172
_d11172